000 00588nam a2200241 a 4500
001 nice12345678
003 IN_TiNIC
005 20260116012857.0
008 050524s1963 lona grp 000 0 eng
020 _a
_c16.25
082 0 0 _a262
_bKAI
100 _aKaiser, Robert
245 _aInside the Council
_b the Story of Vatican II
260 _aLondon
_bBurns and Oates
_c1963
300 _a250p
500 _aincludes index and biblioraphy
505 2 _aIndex
650 _aVatican II Council
700 1 _aKaiser, Robert
902 _bSRS
942 _cBK
999 _c8741
_d8741